| 000 | 00842nac a22002291u 4500 | ||
|---|---|---|---|
| 008 | 100907t1997 xxu|||||r|||| 001 0 eng d | ||
| 010 | _a96033449 | ||
| 020 | _a0673982580 | ||
| 082 | 0 | 0 |
_a620.104 _bCOC _222 |
| 100 |
_aCochin, Ira. _918725 |
||
| 245 | 1 | 0 |
_aAnalysis and Design of Dynamic Systems / _cIra Cochin, William Cadwallender. |
| 250 | _a3rd ed. | ||
| 260 |
_aReading, Mass. : _bAddison-Wesley, _cc1997. |
||
| 300 |
_axviii, 666 p. : _bill. ; _c25 cm. + _e1 computer disk (3 1/2 in.) |
||
| 504 | _aIncludes bibliographical references (p. 601-604) and index. | ||
| 538 | _aSystem requirements for accompanying computer disk: DOS. | ||
| 650 | 0 |
_aEngineering design. _918726 |
|
| 650 | 0 |
_aSystem analysis. _918727 |
|
| 650 | 0 |
_aDynamics. _918728 |
|
| 700 | 1 |
_aCadwallender, William. _918729 |
|
| 942 |
_cBB _k620.104COC _2ddc |
||
| 999 |
_c832 _d832 |
||